<?xml version="1.0" encoding="UTF-8"?>
<record
    xmlns:xsi="http://www.w3.org/2001/XMLSchema-instance"
    xsi:schemaLocation="http://www.loc.gov/MARC21/slim http://www.loc.gov/standards/marcxml/schema/MARC21slim.xsd"
    xmlns="http://www.loc.gov/MARC21/slim">

  <leader>01794nam a22002417a 4500</leader>
  <controlfield tag="003">OSt</controlfield>
  <controlfield tag="005">20260521102904.0</controlfield>
  <controlfield tag="008">260225b        |||||||| |||| 00| 0 spa d</controlfield>
  <datafield tag="020" ind1=" " ind2=" ">
    <subfield code="a">978-9942-7265-8-2</subfield>
  </datafield>
  <datafield tag="082" ind1=" " ind2=" ">
    <subfield code="2">978-9942-7265-8-2</subfield>
  </datafield>
  <datafield tag="100" ind1=" " ind2=" ">
    <subfield code="a">Cisneros Abedrabbo, Gabriel</subfield>
  </datafield>
  <datafield tag="245" ind1=" " ind2=" ">
    <subfield code="a">Desde el Andamio 42 &#xD3;rgano de Difusi&#xF3;n de la Gran logia del Ecuador</subfield>
  </datafield>
  <datafield tag="250" ind1=" " ind2=" ">
    <subfield code="a">1ra Edici&#xF3;n</subfield>
  </datafield>
  <datafield tag="260" ind1=" " ind2=" ">
    <subfield code="a">Ecuador</subfield>
    <subfield code="b">Editorial Pedag&#xF3;gica Freire</subfield>
    <subfield code="c">2024-11-26</subfield>
  </datafield>
  <datafield tag="300" ind1=" " ind2=" ">
    <subfield code="b">160 pag.</subfield>
    <subfield code="c">21x29cm.</subfield>
  </datafield>
  <datafield tag="490" ind1=" " ind2=" ">
    <subfield code="3">Tapa blanda o r&#xFA;stica</subfield>
  </datafield>
  <datafield tag="520" ind1=" " ind2=" ">
    <subfield code="a">"En agosto de 1975 se constituy&#xF3; la Seren&#xED;sima Gran Logia Nacional del Ecuador, en esta se vio la necesidad de tener un espacio para la construcci&#xF3;n de contenidos y para di-fundir el trabajo de sus obreros. As&#xED; naci&#xF3; la Revista Mas&#xF3;nica del Ecuador. Hace cuarenta y cinco a&#xF1;os, en noviembre de 1979, se constituy&#xF3; la Gran Logia Equinoccial del Ecuador. En 1980, los Grandes Maestros de estas potencias, Geovany Pantaleone y Pablo Guerrero Torres, en un acto de profunda generosidad, pusieron a disposici&#xF3;n sus cargos para unir a la masoner&#xED;a qu&#xED;tense en una Gran Logia Equinoccial del Ecuador fortalecida en el mallete dorado de Ricardo L&#xF3;pez Pinto.

...Han pasado 49 a&#xF1;os de ese primer n&#xFA;mero, estamos pr&#xF3;ximos a conmemorar el cincuentenario de la revista y muchos de los relatos de la &#xE9;poca no han perdido vigencia. As&#xED;, es necesario que la masoner&#xED;a global trabaje m&#xE1;s en la fraternidad, que se entienda que la regularidad de origen debe estar siempre conectada a la regularidad de los trabajos, y que m&#xE1;s all&#xE1; de los reconocimientos, est&#xE1; el servicio a los dem&#xE1;s...</subfield>
  </datafield>
  <datafield tag="650" ind1=" " ind2=" ">
    <subfield code="a">Simbolismo</subfield>
  </datafield>
  <datafield tag="650" ind1=" " ind2=" ">
    <subfield code="a">Templo Social</subfield>
  </datafield>
  <datafield tag="650" ind1=" " ind2=" ">
    <subfield code="a">Carranza</subfield>
  </datafield>
  <datafield tag="700" ind1=" " ind2=" ">
    <subfield code="a">Gabriel (Director del equipo editorial)</subfield>
  </datafield>
  <datafield tag="942" ind1=" " ind2=" ">
    <subfield code="2">ddc</subfield>
    <subfield code="c">BK</subfield>
    <subfield code="n">0</subfield>
  </datafield>
  <datafield tag="952" ind1=" " ind2=" ">
    <subfield code="0">0</subfield>
    <subfield code="1">0</subfield>
    <subfield code="2">ddc</subfield>
    <subfield code="4">0</subfield>
    <subfield code="7">0</subfield>
    <subfield code="8">F02</subfield>
    <subfield code="a">ISUS</subfield>
    <subfield code="b">ISUS</subfield>
    <subfield code="c">Biblioteca Abierta</subfield>
    <subfield code="d">2026-02-11</subfield>
    <subfield code="f">0447</subfield>
    <subfield code="i">0447</subfield>
    <subfield code="l">0</subfield>
    <subfield code="o">LECTURA</subfield>
    <subfield code="p">BIBLIO0447</subfield>
    <subfield code="r">2026-02-25 18:05:53</subfield>
    <subfield code="t">1</subfield>
    <subfield code="w">2026-02-25</subfield>
    <subfield code="y">BK</subfield>
  </datafield>
  <datafield tag="999" ind1=" " ind2=" ">
    <subfield code="c">2017</subfield>
    <subfield code="d">2017</subfield>
  </datafield>
</record>
